Сборник инструкций и рекомендаций по технике безопасности и производственной санитарии для строительно-монтажных организаций нефтяной и газовой промышленности

Dettagli Bibliografici
Altri autori: Карташев Г. И. Георгий Иванович (составитель)
Lingua:russo
Pubblicazione: Москва, Недра, 1984
Soggetti:
Natura: MixedMaterials Libro
KOHA link:https://koha.lib.tpu.ru/cgi-bin/koha/opac-detail.pl?biblionumber=296467

MARC

LEADER 00000nam0a2200000 4500
001 296467
005 20231102000917.0
020 |a RU  |b 84-46749 
035 |a (RuTPU)RU\TPU\book\321574 
090 |a 296467 
100 |a 20150601d1984 km y0rusy5003 ca 
101 0 |a rus 
102 |a RU 
105 |a y z 000zy 
200 1 |a Сборник инструкций и рекомендаций по технике безопасности и производственной санитарии для строительно-монтажных организаций нефтяной и газовой промышленности  |f сост. Г. И. Карташев 
210 |a Москва  |c Недра  |d 1984 
215 |a 255 с. 
606 1 |a Нефтегазовое строительство  |x Управление  |2 stltpush  |3 (RuTPU)RU\TPU\subj\45560  |9 64755 
610 1 |a охрана труда 
610 1 |a строительные организации 
610 1 |a нормативные требования 
610 1 |a техника безопасности 
610 1 |a производственная санитария 
610 1 |a строительно-монтажные работы 
610 1 |a строительство 
610 1 |a магистральные трубопроводы 
610 1 |a средства индивидуальной защиты 
610 1 |a санитарно-гигиенические условия 
675 |a 622.323.012:69  |z rus  |v 3 
702 1 |a Карташев  |b Г. И.  |g Георгий Иванович  |4 220 
801 0 |a RU  |b RuMRKP  |c 19950704  |g psbo 
801 1 |a RU  |b 63413507  |c 20150601 
801 2 |a RU  |b 63413507  |c 20181107  |g RCR 
942 |c BK